000 00587nam a22001937a 4500
005 20251108165408.0
008 250721s1995 xx 000 0 ara d
082 1 4 _a358.103/مجم
245 1 0 _aالمصطلحات العسكرية :
_bمصطلحات المدفعية /
250 _aط.2.
264 1 _aعمان :
_bالمجمع،
_c1995.
300 _a93ص.
650 1 7 _aقوات المدفعية
650 1 7 _aالقواميس
650 1 7 _aالعلوم العسكرية
710 2 _aمجمع اللغة العربية الأردني
942 _2ddc
_cREF
999 _c26885
_d26885